[Event "ABC 2025 Groep C"]
[Site "Utrecht"]
[Date "2025.03.16"]
[Round "5.10"]
[White "Smeets, Bent"]
[Black "Kshirsagar, Parth"]
[Result "0-1"]
[WhiteFideId "8807018"]
[BlackFideId "8887758"]
[WhiteElo "1679"]
[BlackElo "1846"]

1. d4 {[%clk 00:55:18]} {[%emt 00:00:02]} Nf6 {[%clk 00:53:16]} {[%emt
00:02:04]} 2. c4 {[%clk 00:55:14]} {[%emt 00:00:14]} g6 {[%clk 00:53:20]}
{[%emt 00:00:06]} 3. Nc3 {[%clk 00:55:16]} {[%emt 00:00:08]} Bg7 {[%clk
00:53:22]} {[%emt 00:00:07]} 4. e4 {[%clk 00:55:20]} {[%emt 00:00:07]} d6
{[%clk 00:53:21]} {[%emt 00:00:12]} 5. Bf4 {[%clk 00:55:13]} {[%emt 00:00:15]}
O-O {[%clk 00:52:51]} {[%emt 00:00:41]} 6. Bd3 {[%clk 00:55:00]} {[%emt
00:00:23]} Nbd7 {[%clk 00:52:17]} {[%emt 00:00:44]} 7. Nf3 {[%clk 00:54:55]}
{[%emt 00:00:14]} Re8 {[%clk 00:52:02]} {[%emt 00:00:26]} 8. O-O {[%clk
00:52:35]} {[%emt 00:02:30]} e5 {[%clk 00:50:47]} {[%emt 00:01:25]} 9. dxe5
{[%clk 00:51:47]} {[%emt 00:00:58]} dxe5 {[%clk 00:50:45]} {[%emt 00:00:11]} 10.
Bg5 {[%clk 00:51:31]} {[%emt 00:00:26]} c6 {[%clk 00:47:00]} {[%emt 00:03:56]}
11. Qc2 {[%clk 00:50:44]} {[%emt 00:00:56]} Nc5 {[%clk 00:45:20]} {[%emt
00:01:50]} 12. Rad1 {[%clk 00:50:24]} {[%emt 00:00:30]} Qc7 {[%clk 00:42:45]}
{[%emt 00:02:46]} 13. Rfe1 {[%clk 00:47:28]} {[%emt 00:03:06]} Bg4 {[%clk
00:42:35]} {[%emt 00:00:20]} 14. Qe2 {[%clk 00:46:22]} {[%emt 00:01:15]} Rad8
{[%clk 00:40:08]} {[%emt 00:02:38]} 15. h3 {[%clk 00:45:25]} {[%emt 00:01:07]}
Be6 {[%clk 00:36:36]} {[%emt 00:03:42]} 16. Bc2 {[%clk 00:43:24]} {[%emt
00:02:11]} h6 {[%clk 00:33:10]} {[%emt 00:03:36]} 17. Be3 {[%clk 00:42:21]}
{[%emt 00:01:13]} Ncd7 {[%clk 00:31:21]} {[%emt 00:01:59]} 18. a3 {[%clk
00:34:54]} {[%emt 00:07:38]} Nh7 {[%clk 00:23:09]} {[%emt 00:08:21]} 19. b4
{[%clk 00:31:38]} {[%emt 00:03:26]} b6 {[%clk 00:22:37]} {[%emt 00:00:42]} 20.
Na4 {[%clk 00:24:17]} {[%emt 00:07:31]} b5 {[%clk 00:19:02]} {[%emt 00:03:45]}
21. cxb5 {[%clk 00:23:55]} {[%emt 00:00:33]} cxb5 {[%clk 00:19:05]} {[%emt
00:00:06]} 22. Nc5 {[%clk 00:23:59]} {[%emt 00:00:06]} Nxc5 {[%clk 00:15:40]}
{[%emt 00:03:36]} 23. Bxc5 {[%clk 00:23:57]} {[%emt 00:00:12]} a6 {[%clk
00:14:07]} {[%emt 00:01:43]} 24. Qe3 {[%clk 00:23:06]} {[%emt 00:01:00]} Rxd1
{[%clk 00:09:43]} {[%emt 00:04:35]} 25. Rxd1 {[%clk 00:23:13]} {[%emt
00:00:02]} Rd8 {[%clk 00:09:41]} {[%emt 00:00:13]} 26. Rc1 {[%clk 00:20:10]}
{[%emt 00:03:12]} Qb7 {[%clk 00:08:51]} {[%emt 00:01:00]} 27. Ra1 {[%clk
00:16:41]} {[%emt 00:03:40]} Nf8 {[%clk 00:08:21]} {[%emt 00:00:39]} 28. Nd2
{[%clk 00:12:20]} {[%emt 00:04:31]} Nd7 {[%clk 00:07:37]} {[%emt 00:00:55]} 29.
Nb3 {[%clk 00:11:09]} {[%emt 00:01:21]} Nf6 {[%clk 00:06:34]} {[%emt 00:01:12]}
30. Na5 {[%clk 00:08:09]} {[%emt 00:03:10]} Qc8 {[%clk 00:05:15]} {[%emt
00:01:29]} 31. Rc1 {[%clk 00:07:25]} {[%emt 00:00:54]} Qa8 {[%clk 00:04:23]}
{[%emt 00:01:02]} 32. Be7 {[%clk 00:06:19]} {[%emt 00:01:15]} Rc8 {[%clk
00:03:59]} {[%emt 00:00:34]} 33. Bxf6 {[%clk 00:06:15]} {[%emt 00:00:15]} Bxf6
{[%clk 00:04:06]} {[%emt 00:00:03]} 34. Qxh6 {[%clk 00:05:07]} {[%emt
00:01:18]} Rc3 {[%clk 00:04:03]} {[%emt 00:00:13]} 35. Qd2 {[%clk 00:04:08]}
{[%emt 00:01:09]} Qc8 {[%clk 00:04:06]} {[%emt 00:00:07]} 36. Kf1 {[%clk
00:02:37]} {[%emt 00:01:41]} Bg7 {[%clk 00:04:12]} {[%emt 00:00:03]} 37. Nb7
{[%clk 00:00:28]} {[%emt 00:02:20]} Qc4+ {[%clk 00:03:21]} {[%emt 00:01:02]} 38.
Qe2 {[%clk 00:00:18]} {[%emt 00:00:20]} Qc7 {[%clk 00:02:31]} {[%emt 00:00:59]}
39. Nc5 {[%clk 00:00:27]} {[%emt 00:00:01]} Bc4 {[%clk 00:02:37]} {[%emt
00:00:04]} 40. Nd3 {[%emt 00:00:07]} Bxd3 {[%emt 00:00:03]} 0-1

[Event "ABC 2025 Groep C"]
[Site "Utrecht"]
[Date "2025.03.16"]
[Round "5.11"]
[White "Roersma, Dylan"]
[Black "Nguyen, Paul"]
[Result "1-0"]
[WhiteFideId "8962217"]
[BlackFideId "8956321"]
[WhiteElo "1839"]
[BlackElo "1732"]

1. e4 {[%clk 00:55:18]} {[%emt 00:00:02]} e5 {[%clk 00:55:18]} {[%emt
00:00:03]} 2. Nf3 {[%clk 00:55:24]} {[%emt 00:00:04]} Nc6 {[%clk 00:55:24]}
{[%emt 00:00:04]} 3. Bc4 {[%clk 00:55:30]} {[%emt 00:00:03]} Bc5 {[%clk
00:55:30]} {[%emt 00:00:04]} 4. c3 {[%clk 00:55:37]} {[%emt 00:00:03]} d6
{[%clk 00:55:36]} {[%emt 00:00:04]} 5. d4 {[%clk 00:55:37]} {[%emt 00:00:10]}
exd4 {[%clk 00:55:42]} {[%emt 00:00:04]} 6. cxd4 {[%clk 00:55:42]} {[%emt
00:00:05]} Bb6 {[%clk 00:55:45]} {[%emt 00:00:08]} 7. h3 {[%clk 00:55:01]}
{[%emt 00:00:51]} Nf6 {[%clk 00:55:47]} {[%emt 00:00:07]} 8. Nc3 {[%clk
00:54:59]} {[%emt 00:00:12]} h6 {[%clk 00:55:54]} {[%emt 00:00:04]} 9. O-O
{[%clk 00:54:39]} {[%emt 00:00:30]} O-O {[%clk 00:56:00]} {[%emt 00:00:04]} 10.
Bb3 {[%clk 00:53:54]} {[%emt 00:00:55]} Re8 {[%clk 00:55:43]} {[%emt 00:00:27]}
11. Qd3 {[%clk 00:51:32]} {[%emt 00:02:31]} Bd7 {[%clk 00:53:40]} {[%emt
00:02:13]} 12. Re1 {[%clk 00:49:28]} {[%emt 00:02:15]} Qe7 {[%clk 00:51:57]}
{[%emt 00:01:53]} 13. e5 {[%clk 00:45:50]} {[%emt 00:03:48]} dxe5 {[%clk
00:51:32]} {[%emt 00:00:35]} 14. dxe5 {[%clk 00:45:37]} {[%emt 00:00:23]} Nb4
{[%clk 00:46:33]} {[%emt 00:05:09]} 15. Qb1 {[%clk 00:41:36]} {[%emt 00:04:10]}
Nh7 {[%clk 00:45:58]} {[%emt 00:00:45]} 16. a3 {[%clk 00:41:08]} {[%emt
00:00:39]} Nc6 {[%clk 00:45:02]} {[%emt 00:01:06]} 17. Nd5 {[%clk 00:40:32]}
{[%emt 00:00:45]} Qf8 {[%clk 00:44:17]} {[%emt 00:00:55]} 18. Bc2 {[%clk
00:39:00]} {[%emt 00:01:42]} g6 {[%clk 00:43:57]} {[%emt 00:00:31]} 19. b4
{[%clk 00:29:34]} {[%emt 00:09:35]} Be6 {[%clk 00:43:38]} {[%emt 00:00:30]} 20.
Nf4 {[%clk 00:28:48]} {[%emt 00:00:55]} Nd4 {[%clk 00:41:33]} {[%emt 00:02:16]}
21. Nxd4 {[%clk 00:24:56]} {[%emt 00:04:01]} Bxd4 {[%clk 00:41:37]} {[%emt
00:00:06]} 22. Bb2 {[%clk 00:24:58]} {[%emt 00:00:08]} Bxb2 {[%clk 00:41:22]}
{[%emt 00:00:26]} 23. Qxb2 {[%clk 00:25:02]} {[%emt 00:00:06]} Rad8 {[%clk
00:41:14]} {[%emt 00:00:19]} 24. h4 {[%clk 00:17:58]} {[%emt 00:07:13]} Qe7
{[%clk 00:40:56]} {[%emt 00:00:28]} 25. g3 {[%clk 00:16:37]} {[%emt 00:01:30]}
g5 {[%clk 00:40:45]} {[%emt 00:00:21]} 26. Bxh7+ {[%clk 00:15:43]} {[%emt
00:01:04]} Kxh7 {[%clk 00:40:21]} {[%emt 00:00:34]} 27. Nh5 {[%clk 00:15:46]}
{[%emt 00:00:07]} Kh8 {[%clk 00:38:04]} {[%emt 00:02:28]} 28. Nf6 {[%clk
00:15:44]} {[%emt 00:00:11]} Rg8 {[%clk 00:37:18]} {[%emt 00:00:57]} 29. Qc2
{[%clk 00:13:40]} {[%emt 00:02:14]} Rg7 {[%clk 00:36:47]} {[%emt 00:00:40]} 30.
hxg5 {[%clk 00:13:36]} {[%emt 00:00:14]} Rg6 {[%clk 00:35:01]} {[%emt
00:01:57]} 31. Rad1 {[%clk 00:11:45]} {[%emt 00:02:00]} Rxd1 {[%clk 00:33:00]}
{[%emt 00:02:11]} 32. Rxd1 {[%clk 00:11:35]} {[%emt 00:00:21]} hxg5 {[%clk
00:32:56]} {[%emt 00:00:14]} 33. Kg2 {[%clk 00:11:15]} {[%emt 00:00:29]} Rh6
{[%clk 00:32:21]} {[%emt 00:00:46]} 34. Qc5 {[%clk 00:10:23]} {[%emt 00:01:01]}
Qxc5 {[%clk 00:32:12]} {[%emt 00:00:19]} 35. Rd8+ {[%clk 00:10:28]} {[%emt
00:00:06]} Kg7 {[%clk 00:31:24]} {[%emt 00:00:58]} 36. Rg8# {[%emt 00:00:06]}
1-0

[Event "ABC 2025 Groep C"]
[Site "Utrecht"]
[Date "2025.03.16"]
[Round "5.12"]
[White "Srivatsa, Kirtin"]
[Black "Ma, Tim"]
[Result "1/2-1/2"]
[WhiteFideId "8983249"]
[BlackFideId "8933991"]
[WhiteElo "1749"]
[BlackElo "1821"]

1. e4 {[%clk 00:55:18]} {[%emt 00:00:01]} c5 {[%clk 00:55:18]} {[%emt
00:00:03]} 2. Nf3 {[%clk 00:55:24]} {[%emt 00:00:03]} e6 {[%clk 00:55:22]}
{[%emt 00:00:06]} 3. d4 {[%clk 00:55:27]} {[%emt 00:00:08]} cxd4 {[%clk
00:55:29]} {[%emt 00:00:03]} 4. Nxd4 {[%clk 00:55:31]} {[%emt 00:00:06]} Nc6
{[%clk 00:55:35]} {[%emt 00:00:03]} 5. Be3 {[%clk 00:55:25]} {[%emt 00:00:15]}
Nf6 {[%clk 00:55:38]} {[%emt 00:00:08]} 6. Nc3 {[%clk 00:55:22]} {[%emt
00:00:13]} Bb4 {[%clk 00:55:35]} {[%emt 00:00:13]} 7. Bd3 {[%clk 00:52:37]}
{[%emt 00:02:55]} d5 {[%clk 00:55:21]} {[%emt 00:00:24]} 8. exd5 {[%clk
00:51:34]} {[%emt 00:01:12]} Nxd5 {[%clk 00:54:47]} {[%emt 00:00:45]} 9. Nxc6
{[%clk 00:50:19]} {[%emt 00:01:26]} bxc6 {[%clk 00:54:37]} {[%emt 00:00:20]} 10.
Bd2 {[%clk 00:49:59]} {[%emt 00:00:29]} O-O {[%clk 00:53:30]} {[%emt 00:01:16]}
11. O-O {[%clk 00:49:14]} {[%emt 00:00:56]} Bxc3 {[%clk 00:51:23]} {[%emt
00:02:17]} 12. Bxc3 {[%clk 00:47:09]} {[%emt 00:02:15]} Nxc3 {[%clk 00:51:24]}
{[%emt 00:00:10]} 13. bxc3 {[%clk 00:47:17]} {[%emt 00:00:02]} Qa5 {[%clk
00:50:28]} {[%emt 00:01:04]} 14. Qf3 {[%clk 00:47:06]} {[%emt 00:00:22]} Qc5
{[%clk 00:47:51]} {[%emt 00:02:47]} 15. Rfe1 {[%clk 00:43:52]} {[%emt
00:03:24]} f5 {[%clk 00:39:40]} {[%emt 00:08:21]} 16. Bf1 {[%clk 00:40:48]}
{[%emt 00:03:15]} Rf6 {[%clk 00:37:06]} {[%emt 00:02:42]} 17. Qe3 {[%clk
00:39:13]} {[%emt 00:01:46]} Qf8 {[%clk 00:33:40]} {[%emt 00:03:36]} 18. Bc4
{[%clk 00:37:41]} {[%emt 00:01:42]} Kh8 {[%clk 00:28:41]} {[%emt 00:05:09]} 19.
Re2 {[%clk 00:37:22]} {[%emt 00:00:29]} Qe7 {[%clk 00:26:42]} {[%emt 00:02:08]}
20. Qe5 {[%clk 00:31:43]} {[%emt 00:05:50]} Rh6 {[%emt 00:01:12]} 21. Rae1
{[%emt 00:00:05]} Qh4 {[%emt 00:00:06]} 22. Bb3 {[%emt 00:00:04]} 1/2-1/2

[Event "ABC 2025 Groep C"]
[Site "Utrecht"]
[Date "2025.03.16"]
[Round "6.1"]
[White "Etienne, Ghilon"]
[Black "Lenting, Roan"]
[Result "1-0"]
[WhiteFideId "8852118"]
[BlackFideId "8885184"]
[WhiteElo "1972"]
[BlackElo "1983"]

1. Nf3 {[%clk 00:55:16]} {[%emt 00:00:03]} c5 {[%clk 00:55:13]} {[%emt
00:00:07]} 2. g3 {[%clk 00:55:24]} {[%emt 00:00:03]} g6 {[%clk 00:55:17]}
{[%emt 00:00:06]} 3. Bg2 {[%clk 00:55:30]} {[%emt 00:00:03]} Bg7 {[%clk
00:55:22]} {[%emt 00:00:06]} 4. O-O {[%clk 00:55:36]} {[%emt 00:00:05]} e6
{[%clk 00:55:24]} {[%emt 00:00:07]} 5. d3 {[%clk 00:55:43]} {[%emt 00:00:04]}
Ne7 {[%clk 00:55:28]} {[%emt 00:00:06]} 6. e4 {[%clk 00:55:47]} {[%emt
00:00:05]} Nbc6 {[%clk 00:55:22]} {[%emt 00:00:16]} 7. Nc3 {[%clk 00:55:35]}
{[%emt 00:00:22]} a6 {[%clk 00:55:11]} {[%emt 00:00:21]} 8. a4 {[%clk
00:55:31]} {[%emt 00:00:15]} O-O {[%clk 00:55:09]} {[%emt 00:00:12]} 9. Bd2
{[%clk 00:55:39]} {[%emt 00:00:01]} Nd4 {[%clk 00:54:38]} {[%emt 00:00:41]} 10.
Nxd4 {[%clk 00:55:30]} {[%emt 00:00:19]} Bxd4 {[%clk 00:54:02]} {[%emt
00:00:46]} 11. Rb1 {[%clk 00:55:03]} {[%emt 00:00:37]} Nc6 {[%clk 00:53:56]}
{[%emt 00:00:16]} 12. Ne2 {[%clk 00:55:01]} {[%emt 00:00:12]} Bg7 {[%clk
00:53:34]} {[%emt 00:00:32]} 13. f4 {[%clk 00:55:04]} {[%emt 00:00:07]} d6
{[%clk 00:53:11]} {[%emt 00:00:34]} 14. Kh1 {[%clk 00:54:51]} {[%emt 00:00:22]}
d5 {[%clk 00:45:40]} {[%emt 00:07:40]} 15. g4 {[%clk 00:53:46]} {[%emt
00:01:16]} dxe4 {[%clk 00:45:03]} {[%emt 00:00:47]} 16. dxe4 {[%clk 00:53:48]}
{[%emt 00:00:07]} Bh6 {[%clk 00:39:40]} {[%emt 00:05:34]} 17. g5 {[%clk
00:52:41]} {[%emt 00:01:17]} Bg7 {[%clk 00:39:33]} {[%emt 00:00:17]} 18. c3
{[%clk 00:52:20]} {[%emt 00:00:31]} f6 {[%clk 00:38:36]} {[%emt 00:01:07]} 19.
gxf6 {[%clk 00:51:27]} {[%emt 00:01:02]} Bxf6 {[%clk 00:38:23]} {[%emt
00:00:24]} 20. Be3 {[%clk 00:51:21]} {[%emt 00:00:17]} Qe7 {[%clk 00:35:45]}
{[%emt 00:02:48]} 21. e5 {[%clk 00:50:53]} {[%emt 00:00:38]} Bh4 {[%clk
00:34:41]} {[%emt 00:01:14]} 22. Qb3 {[%clk 00:50:34]} {[%emt 00:00:29]} Bd7
{[%clk 00:32:49]} {[%emt 00:02:01]} 23. Qb6 {[%clk 00:50:22]} {[%emt 00:00:22]}
Qd8 {[%clk 00:28:10]} {[%emt 00:04:49]} 24. Bxc5 {[%clk 00:49:55]} {[%emt
00:00:37]} Qxb6 {[%clk 00:28:13]} {[%emt 00:00:08]} 25. Bxb6 {[%clk 00:50:03]}
{[%emt 00:00:01]} Bd8 {[%emt 00:03:08]} 26. Rbd1 {[%clk 00:48:12]} Bxb6 {[%clk
00:22:38]} {[%emt 00:04:49]} 27. Rxd7 {[%clk 00:48:20]} {[%emt 00:00:01]} Rab8
{[%clk 00:21:12]} {[%emt 00:01:36]} 28. Bh3 {[%clk 00:48:00]} {[%emt 00:00:30]}
Rfe8 {[%clk 00:20:38]} {[%emt 00:00:44]} 29. Ng3 {[%clk 00:47:23]} {[%emt
00:00:47]} Bd8 {[%clk 00:18:11]} {[%emt 00:02:37]} 30. Ne4 {[%clk 00:47:16]}
{[%emt 00:00:16]} b5 {[%clk 00:17:28]} {[%emt 00:00:54]} 31. axb5 {[%clk
00:46:47]} {[%emt 00:00:40]} axb5 {[%clk 00:17:23]} {[%emt 00:00:15]} 32. Ra1
{[%clk 00:44:56]} {[%emt 00:02:00]} b4 {[%clk 00:13:24]} {[%emt 00:04:10]} 33.
c4 {[%clk 00:44:34]} {[%emt 00:00:32]} Re7 {[%clk 00:13:02]} {[%emt 00:00:32]}
34. Rd6 {[%clk 00:43:27]} {[%emt 00:01:16]} Na5 {[%clk 00:12:25]} {[%emt
00:00:47]} 35. Bxe6+ {[%clk 00:43:26]} {[%emt 00:00:11]} Kf8 {[%clk 00:12:14]}
{[%emt 00:00:22]} 36. Nf6 {[%clk 00:40:42]} {[%emt 00:02:54]} Ra8 {[%clk
00:11:03]} {[%emt 00:01:21]} 37. Bd5 {[%clk 00:39:58]} {[%emt 00:00:53]} Rc8
{[%clk 00:09:40]} {[%emt 00:01:33]} 38. Rd1 {[%clk 00:39:32]} {[%emt 00:00:36]}
Bc7 {[%clk 00:08:22]} {[%emt 00:01:28]} 39. Ra6 {[%clk 00:39:36]} {[%emt
00:00:07]} Rd8 {[%clk 00:08:22]} {[%emt 00:00:10]} 40. Rd3 {[%clk 00:37:55]}
{[%emt 00:01:51]} g5 {[%clk 00:07:56]} {[%emt 00:00:35]} 41. Rg3 {[%clk
00:37:14]} {[%emt 00:00:50]} h6 {[%clk 00:07:19]} {[%emt 00:00:49]} 42. h4
{[%clk 00:36:54]} {[%emt 00:00:28]} Rg7 {[%clk 00:07:11]} {[%emt 00:00:19]} 43.
hxg5 {[%clk 00:36:48]} {[%emt 00:00:17]} hxg5 {[%clk 00:07:13]} {[%emt
00:00:07]} 44. Rxg5 {[%clk 00:36:53]} {[%emt 00:00:05]} Rxg5 {[%clk 00:04:47]}
{[%emt 00:02:37]} 45. fxg5 {[%clk 00:37:01]} {[%emt 00:00:02]} Nb3 {[%clk
00:04:35]} {[%emt 00:00:21]} 46. Ra7 {[%clk 00:37:03]} {[%emt 00:00:08]} Rc8
{[%clk 00:04:21]} {[%emt 00:00:25]} 47. Be6 {[%clk 00:37:04]} {[%emt 00:00:09]}
Rd8 {[%clk 00:04:19]} {[%emt 00:00:12]} 48. Rxc7 {[%clk 00:36:39]} {[%emt
00:00:35]} Rd1+ {[%clk 00:04:21]} {[%emt 00:00:08]} 49. Kh2 {[%clk 00:36:43]}
{[%emt 00:00:05]} Rd2+ {[%clk 00:04:30]} {[%emt 00:00:01]} 50. Kh3 {[%clk
00:36:47]} {[%emt 00:00:07]} Rd3+ {[%clk 00:04:39]} {[%emt 00:00:01]} 51. Kg4
{[%clk 00:36:47]} {[%emt 00:00:09]} Rd4+ {[%clk 00:04:43]} {[%emt 00:00:06]} 52.
Kh5 {[%clk 00:36:50]} {[%emt 00:00:06]} Nc5 {[%clk 00:03:11]} {[%emt 00:01:43]}
53. Rf7# {[%clk 00:36:55]} {[%emt 00:00:06]} 1-0

[Event "ABC 2025 Groep C"]
[Site "Utrecht"]
[Date "2025.03.16"]
[Round "6.2"]
[White "Zhang, Xiheng"]
[Black "Kakrana, Reyansh"]
[Result "1-0"]
[WhiteFideId "8939645"]
[BlackFideId "8853900"]
[WhiteElo "1928"]
[BlackElo "1785"]

1. e4 {[%clk 00:55:17]} {[%emt 00:00:02]} c6 {[%clk 00:55:16]} {[%emt
00:00:04]} 2. d4 {[%clk 00:55:17]} {[%emt 00:00:10]} d5 {[%clk 00:55:24]}
{[%emt 00:00:03]} 3. exd5 {[%clk 00:55:20]} {[%emt 00:00:07]} cxd5 {[%clk
00:55:29]} {[%emt 00:00:04]} 4. c4 {[%clk 00:55:24]} {[%emt 00:00:06]} Nf6
{[%clk 00:55:34]} {[%emt 00:00:05]} 5. Nc3 {[%clk 00:55:28]} {[%emt 00:00:06]}
g6 {[%clk 00:55:40]} {[%emt 00:00:04]} 6. Nf3 {[%clk 00:55:21]} {[%emt
00:00:16]} Bg7 {[%clk 00:55:38]} {[%emt 00:00:12]} 7. cxd5 {[%clk 00:54:22]}
{[%emt 00:01:10]} O-O {[%clk 00:55:27]} {[%emt 00:00:22]} 8. Qb3 {[%clk
00:53:40]} {[%emt 00:00:51]} Nbd7 {[%clk 00:55:16]} {[%emt 00:00:20]} 9. Be2
{[%clk 00:52:46]} {[%emt 00:01:04]} Nb6 {[%clk 00:54:37]} {[%emt 00:00:51]} 10.
O-O {[%clk 00:51:40]} {[%emt 00:01:15]} Nbxd5 {[%clk 00:52:27]} {[%emt
00:02:20]} 11. Bg5 {[%clk 00:49:19]} {[%emt 00:02:30]} Nxc3 {[%clk 00:40:56]}
{[%emt 00:11:42]} 12. bxc3 {[%clk 00:48:42]} {[%emt 00:00:47]} Qc7 {[%clk
00:38:27]} {[%emt 00:02:38]} 13. Rac1 {[%clk 00:45:33]} {[%emt 00:03:19]} Ne4
{[%clk 00:34:44]} {[%emt 00:03:54]} 14. Be3 {[%clk 00:42:13]} {[%emt 00:03:30]}
Rd8 {[%clk 00:29:35]} {[%emt 00:05:19]} 15. Rfd1 {[%clk 00:37:54]} {[%emt
00:04:29]} b6 {[%clk 00:25:57]} {[%emt 00:03:48]} 16. Ng5 {[%clk 00:31:00]}
{[%emt 00:07:04]} Nxg5 {[%clk 00:24:01]} {[%emt 00:02:07]} 17. Bxg5 {[%clk
00:30:54]} {[%emt 00:00:15]} h6 {[%clk 00:21:55]} {[%emt 00:02:16]} 18. Bh4
{[%clk 00:28:56]} {[%emt 00:02:08]} Bb7 {[%clk 00:20:47]} {[%emt 00:01:18]} 19.
Re1 {[%clk 00:25:52]} {[%emt 00:03:14]} Bf6 {[%clk 00:17:04]} {[%emt 00:03:54]}
20. Bg3 {[%clk 00:23:03]} {[%emt 00:02:59]} Qd7 {[%clk 00:16:55]} {[%emt
00:00:19]} 21. Bc4 {[%clk 00:19:38]} {[%emt 00:03:34]} Bd5 {[%clk 00:14:52]}
{[%emt 00:02:13]} 22. Be5 {[%clk 00:16:06]} {[%emt 00:03:42]} Qb7 {[%clk
00:11:52]} {[%emt 00:03:10]} 23. Bxd5 {[%clk 00:15:13]} {[%emt 00:01:04]} Rxd5
{[%clk 00:11:39]} {[%emt 00:00:22]} 24. c4 {[%clk 00:13:02]} {[%emt 00:02:21]}
Rd7 {[%clk 00:11:23]} {[%emt 00:00:26]} 25. Bxf6 {[%clk 00:12:41]} {[%emt
00:00:31]} exf6 {[%clk 00:11:25]} {[%emt 00:00:09]} 26. Qe3 {[%clk 00:12:03]}
{[%emt 00:00:48]} Rad8 {[%clk 00:10:24]} {[%emt 00:01:11]} 27. d5 {[%clk
00:11:32]} {[%emt 00:00:40]} Qa6 {[%clk 00:09:48]} {[%emt 00:00:46]} 28. Qxh6
{[%clk 00:09:57]} {[%emt 00:01:45]} Qxa2 {[%clk 00:09:37]} {[%emt 00:00:59]} 29.
Re3 {[%clk 00:09:51]} Qb2 {[%clk 00:09:04]} {[%emt 00:00:21]} 30. Rce1 {[%clk
00:09:43]} {[%emt 00:00:17]} Qb4 {[%clk 00:07:16]} {[%emt 00:01:59]} 31. Re8+
{[%clk 00:09:37]} {[%emt 00:00:16]} Qf8 {[%clk 00:07:14]} {[%emt 00:00:12]} 32.
Qxf8+ {[%clk 00:09:41]} {[%emt 00:00:06]} Kh7 {[%clk 00:07:18]} {[%emt
00:00:06]} 33. Qh8# {[%emt 00:00:32]} 1-0

[Event "ABC 2025 Groep C"]
[Site "Utrecht"]
[Date "2025.03.16"]
[Round "6.3"]
[White "Margaryan, Aren"]
[Black "Bajnath, Dhanesh"]
[Result "1/2-1/2"]
[WhiteFideId "8994645"]
[BlackFideId "9005634"]
[WhiteElo "1889"]
[BlackElo "1792"]

1. e4 {[%clk 00:55:18]} {[%emt 00:00:01]} e5 {[%clk 00:55:20]} {[%emt
00:00:01]} 2. Nf3 {[%clk 00:55:23]} {[%emt 00:00:05]} Nc6 {[%clk 00:55:29]} 3.
Nc3 {[%clk 00:55:28]} {[%emt 00:00:06]} Nf6 {[%clk 00:55:24]} {[%emt 00:00:14]}
4. d4 {[%clk 00:55:33]} {[%emt 00:00:05]} exd4 {[%clk 00:55:27]} {[%emt
00:00:07]} 5. Nxd4 {[%clk 00:55:35]} {[%emt 00:00:07]} Bb4 {[%clk 00:55:28]}
{[%emt 00:00:10]} 6. Nxc6 {[%clk 00:55:31]} {[%emt 00:00:14]} bxc6 {[%clk
00:55:36]} {[%emt 00:00:02]} 7. Bd3 {[%clk 00:55:28]} {[%emt 00:00:12]} O-O
{[%clk 00:55:29]} {[%emt 00:00:17]} 8. O-O {[%clk 00:55:30]} {[%emt 00:00:08]}
d5 {[%clk 00:55:23]} {[%emt 00:00:16]} 9. exd5 {[%clk 00:55:20]} {[%emt
00:00:20]} cxd5 {[%clk 00:55:26]} {[%emt 00:00:08]} 10. h3 {[%clk 00:55:27]}
{[%emt 00:00:03]} Re8 {[%clk 00:54:41]} {[%emt 00:00:55]} 11. Qf3 {[%clk
00:54:53]} {[%emt 00:00:43]} c6 {[%clk 00:54:26]} {[%emt 00:00:26]} 12. Bf4
{[%clk 00:54:13]} {[%emt 00:00:49]} Bd6 {[%clk 00:53:01]} {[%emt 00:01:36]} 13.
Rad1 {[%clk 00:52:59]} {[%emt 00:01:22]} Bxf4 {[%clk 00:46:37]} {[%emt
00:06:35]} 14. Qxf4 {[%clk 00:52:54]} {[%emt 00:00:15]} Nh5 {[%clk 00:45:16]}
{[%emt 00:01:29]} 15. Qh2 {[%clk 00:46:58]} {[%emt 00:06:08]} Qg5 {[%clk
00:35:42]} {[%emt 00:09:43]} 16. f4 {[%clk 00:45:44]} {[%emt 00:01:26]} Qh4
{[%clk 00:26:37]} {[%emt 00:09:12]} 17. Ne2 {[%clk 00:43:22]} {[%emt 00:02:33]}
Re3 {[%clk 00:21:47]} {[%emt 00:05:03]} 18. Nd4 {[%clk 00:41:52]} {[%emt
00:01:36]} Rg3 {[%clk 00:13:50]} {[%emt 00:08:10]} 19. Ne2 {[%clk 00:37:55]}
{[%emt 00:04:05]} Re3 {[%clk 00:12:45]} {[%emt 00:01:17]} 20. Nd4 {[%emt
00:01:48]} c5 {[%emt 00:00:02]} 21. Nc6 {[%clk 00:55:10]} {[%emt 00:00:15]} Rg3
{[%clk 00:55:10]} 1/2-1/2